| 000 | 00509nam a22001817a 4500 | ||
|---|---|---|---|
| 003 | OSt | ||
| 005 | 20140310182456.0 | ||
| 008 | 130806t xxu||||| |||| 00| 0 eng d | ||
| 020 | _a9788183567374 | ||
| 050 |
_aRS 421 _b.P911 2011 |
||
| 100 |
_aPrasad, Shiv Kant _97729 |
||
| 245 |
_aPharmaceutical applications / _cShiv Kant Prasad |
||
| 260 |
_aNew Delhi, India : _bDiscovery Publishing House Pvt. Ltd., _cc2011. |
||
| 300 |
_a323 p. : _c25 cm. |
||
| 541 | _j1 | ||
| 562 | _e1 | ||
| 942 |
_2lcc _cSSLC |
||
| 999 |
_c13738 _d13738 |
||